Documentos del magisterio social pontificio: de León XIII a Benedicto XVI

Uloženo v:
Podrobná bibliografie
Hlavní autor: Correa Casanova, Mauricio (Autor)
Médium: Kniha
Jazyk:španělština
Vydáno: Valparaíso Pontificio Seminario Mayor San Rafael 2013
Témata:
Tagy: Přidat tag
Žádné tagy, Buďte první, kdo vytvoří štítek k tomuto záznamu!

MARC

LEADER 00000cam a2200000 a 4500
001 UCF8087
003 CL-VaPUC
008 130725e20130000cl |||||||||||||||||spa|d
082 0 4 |a 262.91  |b COR  |2 21 
100 0 |a Correa Casanova, Mauricio  |e author  |9 570170 
245 1 0 |a Documentos del magisterio social pontificio: de León XIII a Benedicto XVI 
300 |a 443 p 
942 |c BK 
945 |d 20130725 00:00:00  |a dcastane 
260 |a Valparaíso  |b Pontificio Seminario Mayor San Rafael  |c 2013 
650 0 |a Documentos pontificios   |9 255642 
650 0 |a Ecumenismo  |9 255639 
650 7 |a MAGISTERIO DE LA IGLESIA  |2 CL-VaPUC  |9 400090 
583 |a last modification  |c 20130725 12:05:00  |k Rodrigo Vera 
999 |c 352756  |d 352754 
952 |0 0  |1 0  |4 0  |6 262_910000000000000_COR_2013  |7 0  |8 A  |9 457391  |a BIBTEO  |b BIBTEO  |d 2019-11-22  |i 4990765  |o 262.91 COR 2013  |p 4990765  |r 2025-01-17  |w 2019-11-22  |y BK  |k ICR